000 01759cam a22004814i 4500
003 PE-LiUPU
005 20250731173432.0
008 150706s2011 miu r 000 0 spa d
020 _a9781602555662
035 _a(Sirsi) i9781602555662
040 _aPE-LiUPU
_bspa
_cPE-LiUPU
_erda
049 _aPRUA
082 0 4 _a269.2
_bM12
_221
100 1 _aMacArthur, John,
_eautor.
245 1 3 _aLa evangelización :
_bcómo compartir el evangelio con fidelidad /
_cJohn MacArthur.
264 1 _aNashville, Tennessee :
_bGrupo Nelson,
_c2011.
300 _a364 páginas ;
_c23 centímetros
336 _atext
_2rdacontent
337 _aunmediated
_2rdamedia
338 _avolume
_2rdacarrier
505 0 _aLa teología de la evangelización -- La evangelización desde el púlpito -- La evangelización en la práctica -- La evangelización en la iglesia.
526 _aSEG42
526 _aSEG41
526 _aSEG40
526 _aSEG39
526 _aP94
526 _aP87
526 _aP86
526 _aP85
526 _aP77
526 _aP76
526 _aP35
541 _g001-0000632;
650 0 4 _aTrabajo evangelístico.
_93100
650 0 4 _aDiscipulado
_xCristianismo.
_91472
700 1 _aLelli, Graciela,
_eed.
910 _agl
_clch
_d20130812
942 _2ddc
_cBOOK
949 _a269.2 M12
_wDEWEY
_c1
_i67924
_lCCODEBUL1
_mBUL
_p23.00
_r0
_sY
_tBOOK
_u2015-7-6
_xTEOLOGIA
_PP35
_o.STAFF. Colección Teología
994 _aC0
_bPEPRU
596 _a1
999 _a269.2 M12
_wDEWEY
_c55434
_i67924
_d55434
_e2018-1-28
_f2021-11-10
_g5
_lCCODEBUL1
_mBUL
_n1
_p23.00
_q5
_r0
_sY
_tBOOK
_u2015-7-6
_xTEOLOGIA
_PP35
_0COMPRA
_o.STAFF. Colección Teología
980 _81
_gALBERTO SANCHEZ Responsable de Automatización